Saving structures (Record no. 118333)
[ view plain ]
| 000 -LEADER | |
|---|---|
| fixed length control field | 01159cam a2200217 4500 |
| 001 - CONTROL NUMBER | |
| control field | ABS68415 |
| 008 - FIXED-LENGTH DATA ELEMENTS--GENERAL INFORMATION | |
| fixed length control field | 041118n2004 000 0 eng u |
| 035 ## - SYSTEM CONTROL NUMBER | |
| System control number | (Sirsi) u128034 |
| 100 ## - MAIN ENTRY--PERSONAL NAME | |
| Personal name | Yeomans, D. |
| 245 ## - TITLE STATEMENT | |
| Title | Saving structures |
| 260 ## - PUBLICATION, DISTRIBUTION, ETC. | |
| Date of publication, distribution, etc. | 2004 |
| 490 ## - SERIES STATEMENT | |
| Series statement | Journal of Architectural Conservation |
| Volume/sequential designation | 3(10) November 2004, 59-72(14) |
| 520 ## - SUMMARY, ETC. | |
| Summary, etc. | The analysis of historic structures is often carried out using similar methods to those employed for new construction, while recommendations for repair may be framed to comply with modern design codes. Both are often inappropriate. A scientific committee of the International Council on Monuments and Sites (ICOMOS) has recently drafted a set of recommendations that point out the dangers to the historic fabric of adopting this kind of approach, while also describing more appropriate methods. This paper outlines the background to the drafting of these recommendations and reviews their main points. (Taken from article abstract). |
| 590 ## - LOCAL NOTE (RLIN) | |
| Local note | ABS |
| 590 ## - LOCAL NOTE (RLIN) | |
| Local note | ABS |
| 650 ## - SUBJECT ADDED ENTRY--TOPICAL TERM | |
| Topical term or geographic name entry element | ICOMOS |
| 650 ## - SUBJECT ADDED ENTRY--TOPICAL TERM | |
| Topical term or geographic name entry element | HISTORIC BUILDINGS |
| 650 ## - SUBJECT ADDED ENTRY--TOPICAL TERM | |
| Topical term or geographic name entry element | REPAIRS |
| 690 ## - LOCAL SUBJECT ADDED ENTRY--TOPICAL TERM (OCLC, RLIN) | |
| Topical term or geographic name as entry element | BUILDING CONSERVATION |
| 942 ## - ADDED ENTRY ELEMENTS (KOHA) | |
| Suppress in OPAC | 0 |
| Withdrawn status | Lost status | Source of classification or shelving scheme | Damaged status | Not for loan | Home library | Current library | Shelving location | Date acquired | Total Checkouts | Full call number | Barcode | Date last seen | Copy number | Price effective from | Koha item type |
|---|---|---|---|---|---|---|---|---|---|---|---|---|---|---|---|
| Dewey Decimal Classification | London | London | Journal article | 18/11/2004 | ABS68415 | 128034-1001 | 06/08/2019 | 1 | 06/08/2019 | Journal article |